Werenoi en feat - Statistiques

Statistiques générales
  • Ce quiz a été pris 550 fois
  • Le résultat moyen est 20 sur 25
Statistiques - réponses
Projet Titre Artiste % Correct
Telegram 3 singes Ninho
98%
Pyramide Maudit Hamza
95%
Pyramide Pyramide Damso
94%
Diamant Noir Piano Gims
94%
Carré Ciao Ninho
94%
Diamant Noir Triple V Damso
92%
Pyramide Dans un verre SDM
92%
Diamant Noir Triple V Ninho
91%
Telegram Selfie Maes
86%
Carré Escorte PLK
86%
Carré Tout seul Tiakola
83%
Pyramide Chaleur Aya Nakamura
78%
Pyramide 2 La famine Gazo
78%
Diamant Noir Jalouse Vacra
78%
Telegram 2 Magot SCH
76%
Pyramide La vie de star SCH
76%
Carré Nos labels c'est du papel Lacrim
74%
Pyramide La vie de star Maes
74%
Diamant Noir Jalouse SDM
74%
Pyramide 2 En pétard PLK
69%
Telegram Sale histoire Rimkus
69%
Diamant Noir Clair de Lune Kalash
61%
Diamant Noir FTR Lil Tjay
59%
Diamant Noir Boss Dystinct
58%
Diamant Noir Gulfstream Gunna
57%
Aucun quiz correspondant
Distribution des résultats
% des personnes avec chaque résultat
Percentile par nombre de réponses
Votre historique - résultats
Vous n’avez pas pris ce quiz